| 000 | 00583cam a2200181 a 4500 | ||
|---|---|---|---|
| 020 | _a0935702962 (acidfree paper) | ||
| 082 | 0 | 0 |
_a551.22 _bAKI _cN-01, P-89,: |
| 100 | 1 |
_aAki, Keiiti, _940271 |
|
| 245 | 1 | 0 |
_aQuantitative seismology / _cKeiiti Aki, Paul G. Richards. |
| 250 | _a2nd ed. | ||
| 260 |
_aSausalito, Calif. : _bUniversity Science Books, _cc2002. |
||
| 300 |
_axviii, 700 p. : _bill. ; _c26 cm. |
||
| 526 |
_a0 _b0 _c0 _d551_220000000000000_AKI |
||
| 650 | 0 |
_aMCE _9379 |
|
| 650 | 0 |
_aSeismology _xMathematics. _940272 |
|
| 700 | 1 |
_aRichards, Paul G., _940273 |
|
| 942 |
_2ddc _cBK |
||
| 999 |
_c544601 _d544601 |
||